000 00649nam a22002537a 4500
003 UA-OsUOA
001 27970
007 ta
008 20040916b un ||||| |||| 00| 0 ukr d
100 _aБьорнзен В.
090 _a342.534
_bБ96
942 _cBK
040 _aUA-OsUOA
_bukr
_cUA-OsUOA
_dUA-OsUOA
245 _aВзірець з маленькими недоліками. Депутати між ідеалом і реальністю
300 _a196 с.
955 _a0
041 _aukr
080 _a342.534
020 _a966-96003-2-4
260 _aКиїв
_c2003
044 _aUA
650 7 _2UDC
999 _c314322
_d314322